000 00522nam a22001817a 4500
003 OSt
005 20140310182944.0
008 130205t xxu||||| |||| 00| 0 eng d
020 _a 9710489909 (v. 2)
050 _aHF 5635
_b.G936 2011
100 _aGuerrero, Pedro P.
245 _aAdvanced accounting :
_cPedro P. Guerrero, Jose F. Peralta
_ba procedural approach /
260 _aManila :
_bGIC Enterprises,
_c2011.
300 _a516 p. :
_c23 cm.
_bill. ;
521 _aBSA
942 _2lcc
_cBK
_kLOC
999 _c17779
_d17779